[Event "20th Dubai Open 2018"]
[Site "Dubai"]
[Date "2018.04.07"]
[Round "6"]
[White "Sethuraman, S.P"]
[Black "Ganguly, Surya Shekhar"]
[Result "0-1"]
[WhiteElo "2631"]
[BlackElo "2642"]
[Annotator "TA"]
[PlyCount "100"]
[EventDate "2018.??.??"]
[EventType "swiss"]
[EventCountry "UAE"]
[SourceTitle "playchess.com"]
[Source "ChessBase"]
[SourceQuality "1"]

{[%evp 24,100,26,19,46,27,17,30,42,18,12,4,24,-9,-9,-7,-2,-8,-19,-33,-32,-33,-29,-50,-21,-39,0,-13,-8,-6,0,0,0,-41,0,-8,0,0,-2,-7,0,0,0,0,0,0,0,0,0,0,0,0,0,0,0,0,0,0,0,0,0,0,0,-2,-16,-294,-272,-871,-680,-12841,-12842,-12841,-12842,-12842,-12843,-12843,-12843,-12844,-12844]} 1. d4 Nf6 2. c4 e6 3. g3 d5 4. Bg2 Bb4+ 5. Bd2 Be7 6. Nf3 O-O 7. O-O Nbd7 8. Qc2 c6 9. Bf4 b6 10. Rd1 Bb7 11. Ne5 Nxe5 {E08: Closed Catalan: Main Line: 7 Qc2} 12. dxe5 Nd7 13. cxd5 {LiveBook: 34 Games} exd5 {The position is equal.} 14. e4 {[%cal Re4d5] [#]} d4 $1 {[%mdl 512]} 15. Rxd4 Bc5 {[#]} 16. Rd1 $146 {aiming for Qd2.} ({Predecessor:} 16. Rd2 Qe7 17. Nc3 Nxe5 18. Rad1 Bc8 19. h3 {1-0 (41) Gelfand,B (2724)-Anand,V (2786) Zuerich 2017}) 16... Qe7 17. Nc3 Nxe5 18. Qe2 Rad8 19. Rxd8 Rxd8 20. Rd1 Rxd1+ 21. Qxd1 g5 22. Bxe5 $1 Qxe5 23. Qd7 Qf6 24. Nd1 Ba6 25. Bf1 Bxf1 26. Kxf1 h5 27. Qd3 g4 28. Kg2 b5 29. b3 Bd4 30. f4 gxf3+ 31. Qxf3 Qg5 32. Qd3 c5 33. Nc3 a6 34. Ne2 Be5 35. Qd5 Qe3 36. Qxe5 Qxe2+ $11 {[%mdl 4096] Endgame KQ-KQ} 37. Kg1 Qd1+ 38. Kg2 Qd2+ 39. Kh3 Qd4 40. Qg5+ Kf8 41. Qh6+ Ke7 42. Qxa6 c4 {...c3 is the strong threat.} 43. bxc4 bxc4 44. Kg2 $2 {[%mdl 8192] [#]} (44. Qa3+ $11 {and White is okay.} Qd6 45. Qc3) 44... c3 $1 $19 {[%cal Bc4c3,Bc3c2][%mdl 32]} ({Not} 44... Qxe4+ 45. Kf2 $15) 45. Qe2 $2 {[#]} (45. Qb7+ Kf6 46. Qa6+ (46. Qc6+ $2 Kg7 $17) 46... Ke5 47. Qb5+ Kxe4 48. Qe2+ Qe3 49. Qc4+ Ke5 50. Qxf7) 45... Qc5 $1 {Black is clearly winning.} 46. Qc2 Qb4 47. Kf3 Qb2 48. Qa4 c2 49. Qa7+ Kf6 50. e5+ Kg7 {Precision: White = 60%, Black = 66%.} 0-1

[Event "20th Dubai Open 2018"]
[Site "Dubai"]
[Date "2018.04.07"]
[Round "6"]
[White "Adly, Ahmed"]
[Black "Khademalsharieh, Sarasadat"]
[Result "1-0"]
[WhiteElo "2626"]
[BlackElo "2424"]
[Annotator "TA"]
[PlyCount "71"]
[EventDate "2018.??.??"]
[EventType "swiss"]
[EventCountry "UAE"]
[SourceTitle "playchess.com"]
[Source "ChessBase"]
[SourceQuality "1"]

{[%evp 23,71,-22,-29,-48,-18,-11,-4,-10,0,0,12,7,20,15,25,3,7,17,8,7,61,56,210,194,183,189,217,210,261,262,327,320,289,303,289,276,315,285,325,280,345,347,387,384,403,383,633,633,29972,29965]} 1. c4 e6 2. Nf3 Nf6 3. g3 d5 4. Bg2 d4 5. O-O c5 6. e3 Nc6 7. exd4 cxd4 8. d3 Bd6 {A13: English Opening: 1...e6} (8... Be7 9. b3 O-O 10. Na3 e5 11. Nc2 Nd7 12. a3 a5 13. Rb1 Nc5 14. b4 axb4 15. axb4 Na4 16. Bd2 {0-1 (47) Wei,Y (2739)-Karjakin,S (2760) Medias 2017}) 9. Na3 O-O 10. Nc2 e5 11. Bg5 h6 12. Bxf6 Qxf6 {LiveBook: 4 Games} 13. Nd2 Qe7 14. a3 a5 15. Re1 Be6 16. Rb1 Rfe8 $146 17. b4 axb4 18. axb4 Qc7 19. c5 Bf8 20. Nc4 Bxc4 $1 21. dxc4 Qd7 {[#]} (21... g6 $11) 22. Ne3 $1 {[%mdl 512]} Ne7 $2 (22... Ra2 $14) (22... dxe3 23. Qxd7) 23. Nd5 $18 Nxd5 24. cxd5 b6 25. d6 ({Stronger than} 25. cxb6 Bd6 $11) 25... Rac8 26. Bd5 ({Less strong is} 26. cxb6 Bxd6 27. b5 Red8 $16) 26... bxc5 27. bxc5 {[#] Strongly threatening Rb7.} Bxd6 28. cxd6 Qxd6 29. Qf3 Re7 30. Rb5 {[%cal Bb1b5,Bb5c5,Bc5c6,Bc6c8][%mdl 32]} Rce8 31. h4 Qa6 32. Rc5 Qb6 33. Rc6 Qa5 34. Rec1 {Threatens to win with Rc8.} e4 $2 (34... Qd8 35. Kg2 Rd7) 35. Qf5 {Black must now prevent Bxf7+!} Qa7 36. Rc8 {Precision: White = 98%, Black = 24%.} 1-0

[Event "20th Dubai Open 2018"]
[Site "Dubai"]
[Date "2018.04.07"]
[Round "6"]
[White "Oleksiyenko, Mykhaylo"]
[Black "Kryvoruchko, Yuriy"]
[Result "0-1"]
[WhiteElo "2621"]
[BlackElo "2703"]
[Annotator "TA"]
[PlyCount "70"]
[EventDate "2018.??.??"]
[EventType "swiss"]
[EventCountry "UAE"]
[SourceTitle "playchess.com"]
[Source "ChessBase"]
[SourceQuality "1"]

{[%evp 18,70,24,22,21,20,26,12,53,36,27,25,40,73,74,31,6,0,25,0,0,0,0,0,0,0,0,0,0,-60,-6,-77,-80,-68,-57,-14,-16,-127,-16,-16,-16,-19,-24,-211,-211,-187,-200,-207,-136,-335,-334,-6333,-6295,-29969,-5365]} 1. c4 e6 2. Nc3 d5 3. d4 Be7 4. cxd5 exd5 5. Bf4 Nf6 6. e3 O-O 7. Bd3 c5 8. Nge2 Nc6 {D35: Queen's Gambit Declined: Exchange Variation} 9. O-O (9. dxc5 Bxc5 10. O-O a6 11. Rc1 h6 12. Bg3 Be7 13. Bb1 Be6 14. Nf4 Bg4 15. f3 Be6 16. Bf2 Rc8 17. Nxe6 fxe6 {½-½ (40) Dreev,A (2644)-Kravtsiv,M (2621) Berlin 2015}) 9... c4 10. Bc2 {LiveBook: 6 Games} Nh5 {The position is equal.} 11. b3 $146 ({Find the theoretical novelty and annotate with similar games:} 11. Be5 f6 12. Ng3 g6 13. Nxh5 fxe5 14. dxe5 gxh5 15. Qxh5 Rf7 16. Rad1 {0-1 (46) Chmelik,J (2390)-Krivonosovs,V (2502) ICCF corr 2000}) 11... Bb4 12. bxc4 dxc4 13. d5 Nxf4 14. exf4 Bxc3 15. Nxc3 Nb4 16. Rb1 Nxc2 17. Qxc2 Qf6 {next ...Bf5 is good for Black.} 18. Ne4 Qxf4 19. Qxc4 b6 20. Rbd1 Bd7 21. Rfe1 Rac8 22. Qb4 Rfe8 23. f3 (23. Re3 $11) 23... h6 ({Black should try} 23... Rc2 $15) 24. Qd6 (24. Re2 $11) 24... Rxe4 $1 $17 25. Qxd7 Rxe1+ 26. Rxe1 {[%mdl 4096] Endgame KQR-KQR} Rc2 27. d6 (27. a4 $11 {remains equal.}) 27... Rd2 $40 {[%mdl 128] Black has some attack.} (27... Kh7 $17 28. a3 Rd2) 28. Kh1 $11 Qxd6 29. Qxa7 {[#]} Qe6 $1 {[%cal Re6e1][%mdl 512]} 30. Rb1 $2 (30. Ra1 $11) (30. Rxe6 Rd1+) 30... Rxa2 $19 ({Don't play} 30... Qxa2 31. Qxa2 Rxa2 32. h4 $15) 31. Qb8+ Kh7 32. Qg3 Qf6 33. Qe1 $2 (33. h3 $17 {was necessary.}) 33... Qg6 {[%csl Ga2][%cal Rg6g2]} 34. Qg1 $2 {[#]} (34. Qf1 Rxg2 35. Rxb6 Rxh2+ 36. Kxh2 Qxb6 37. Kg2) 34... Rxg2 $1 {[%mdl 512]} 35. Qxb6 (35. Qxg2 Qxb1+) 35... Qc2 {Precision: White = 29%, Black = 58%.} 0-1

[Event "20th Dubai Open 2018"]
[Site "Dubai"]
[Date "2018.04.07"]
[Round "6"]
[White "Gupta, Abhijeet"]
[Black "Iniyan, P."]
[Result "1-0"]
[WhiteElo "2617"]
[BlackElo "2466"]
[Annotator "TA"]
[PlyCount "91"]
[EventDate "2018.??.??"]
[EventType "swiss"]
[EventCountry "UAE"]
[SourceTitle "playchess.com"]
[Source "ChessBase"]
[SourceQuality "1"]

{[%evp 23,91,43,44,36,42,29,29,37,26,40,47,35,45,37,60,12,25,16,56,0,51,0,0,0,0,0,85,91,65,15,30,5,60,5,111,97,114,110,114,106,117,126,95,0,0,0,106,132,97,62,56,49,71,25,360,366,991,795,750,705,2060,1977,29989,29990,29990,29991,29991,29992,29992,29993]} 1. d4 Nf6 2. c4 g6 3. Nc3 Bg7 4. e4 d6 5. Nf3 O-O 6. h3 e5 7. d5 Nh5 8. g3 {E90: King's Indian: Classical: Early deviations and 6 h3} f5 9. exf5 gxf5 10. Bg5 Qe8 11. Be2 Na6 12. Nh4 Nf6 {LiveBook: 66 Games} 13. Qc2 c6 14. a3 Nc5 15. Be3 (15. Nxf5 $2 Bxf5 16. Qxf5 Nfe4 $19) 15... Nce4 16. Nxe4 fxe4 {[#]} 17. Qd2 $146 cxd5 18. cxd5 Qf7 19. Rd1 Kh8 20. g4 Bd7 21. b3 (21. O-O $1 $14) 21... a5 (21... Rg8 $11) 22. Rg1 (22. O-O $14) 22... a4 $11 23. b4 $1 {[%cal Bb3b4,Bb4b5,Bb5b6][%mdl 32]} Rac8 24. b5 Rc7 (24... Rg8 $11) 25. b6 $1 $16 {[%cal Rb6c7]} Rcc8 26. Rg2 Ng8 $1 27. Rg3 Ne7 28. Kf1 ({White should play} 28. g5 $1 $14) 28... Bf6 (28... h6 $1 $11) 29. g5 Bg7 30. Kg1 {[%cal Bf1g1,Bg1g2,Bg2h2][%mdl 32]} Rg8 31. Kg2 Rgf8 32. Kh2 Rg8 33. Rg4 (33. Qb2 $16) 33... Bxg4 $11 34. Bxg4 Rc4 (34... Rcf8 $11 {remains equal.}) 35. Qe2 $1 $16 {[%cal Re2c4][%mdl 1024] White has strong compensation.} Rc3 36. Be6 Qe8 37. Rg1 Rf8 {[#]} 38. g6 $1 {[%mdl 512]} h6 $2 {[%mdl 8192] [#]} (38... Rxa3 39. Qh5 $18) ({Don't go for} 38... hxg6 $2 39. Nxg6+ $1 {[%mdl 512]} Qxg6 40. Rxg6 $18) (38... Nxg6 $11 {and Black stays safe.} 39. Nxg6+ hxg6) (38... Nxg6 39. Nxg6+) 39. Bxh6 $1 $18 {[%mdl 512]} Ng8 $2 (39... Bxh6 40. g7+ Bxg7 41. Ng6+ Qxg6 42. Rxg6 Rcf3) 40. Bd2 {Qh5+ is the strong threat.} e3 41. Bxe3 Nf6 42. Rg5 {White threatens Rh5+! and mate.} Bh6 43. Rh5 {White mates.} Nxh5 44. Qxh5 {[%cal Rh5h6]} Rxf2+ 45. Bxf2 {[%cal Rh5h6]} Qf8 46. Nf5 {Precision: White = 64%, Black = 48%.} 1-0

[Event "20th Dubai Open 2018"]
[Site "Dubai"]
[Date "2018.04.07"]
[Round "6"]
[White "Maghsoodloo, Parham"]
[Black "Safarli, Eltaj"]
[Result "1-0"]
[WhiteElo "2615"]
[BlackElo "2653"]
[Annotator "TA"]
[PlyCount "108"]
[EventDate "2018.??.??"]
[EventType "swiss"]
[EventCountry "UAE"]
[SourceTitle "playchess.com"]
[Source "ChessBase"]
[SourceQuality "1"]

{[%evp 9,108,-12,-6,-1,-1,0,-4,-11,-4,-8,-9,-8,0,-7,11,3,5,14,6,0,0,0,12,0,0,0,7,0,22,20,22,16,20,18,32,20,48,35,60,0,0,0,0,0,0,0,0,0,0,0,0,0,0,0,46,0,62,62,66,70,67,63,131,125,125,125,124,131,1049,1049,1035,1035,2285,1857,1664,908,908,891,891,884,864,801,908,908,900,764,585,585,1043,980,805,805,1495,1499,1325,1274,29975,29976,29976,29977,29973]} 1. Nf3 Nf6 2. c4 g6 3. Nc3 d5 4. cxd5 Nxd5 5. d3 Nxc3 (5... Bg7 6. Bd2 O-O 7. g3 c5 8. h4 Nc6 9. h5 Nxc3 10. bxc3 c4 11. hxg6 hxg6 12. Qa4 Na5 {1-0 (27) Aronian,L (2801)-Giri,A (2762) Palma de Mallorca 2017}) 6. bxc3 {A16: English Opening: 1...Nf6 with ...d5} Bg7 7. Bd2 O-O 8. h4 {The position is equal.} h5 9. g3 b6 10. Bg2 Bb7 11. O-O Nd7 $146 ({Predecessor:} 11... c5 12. Rb1 Nc6 {½-½ (41) Sunye Neto,J (2435)-Popovic,P (2455) Hastings 1981}) 12. Qc2 Qc8 13. Bg5 Re8 14. e4 c5 15. a4 Qc7 16. Rfe1 Ne5 17. Nxe5 Qxe5 18. Ra3 Rad8 19. Bf4 Qe6 $1 20. Rb1 Qd7 21. c4 Bc6 22. a5 bxa5 23. Rxa5 Bd4 24. Kh2 (24. Bf1 $14) 24... e5 $1 $11 {[%cal Re5f4]} 25. Bc1 (25. Bd2 {with more complications.} Rb8 26. Bh3 Qc7 27. Ra6 Rb7 28. Be1) 25... Rb8 26. Rxb8 Rxb8 27. Qa2 Rb7 28. Ra6 Qc7 29. Bh3 Bd7 30. Bxd7 Qxd7 31. Kg2 Qg4 32. Rf6 (32. Qa4 $5 {[%cal Ra4e8]} Qd7 33. Qxd7 Rxd7 34. Kf3 $14) 32... Kg7 (32... Qd7 $1 $11) 33. Qa6 $14 Qd7 ({But not} 33... Rb1 $2 34. Bg5 $18) 34. Rd6 Qc7 $1 35. Bg5 Rb2 {[#]} ({Black should try} 35... Rb8 $14) 36. Bf6+ $1 $16 Kh7 37. Rd8 {[%csl Gf6][%cal Rd8h8]} Rb8 38. Qa5 $40 {[%mdl 128] White wants a kill.} Qc6 $2 {[%mdl 8192]} ({Not} 38... Qxa5 39. Rxb8 Qd8 40. Rxd8 g5 41. hxg5 Bb2 42. Rh8+ Kg6 43. Rh6#) (38... Qb7 $16) 39. Rxb8 $18 {[%csl Gf6][%cal Rb8h8]} Qxf6 {[%mdl 4096] Endgame KQR-KQB} 40. f3 g5 41. hxg5 Qxg5 42. Qd8 Qxd8 43. Rxd8 {KR-KB} a5 44. Rd6 Kg7 45. Ra6 Bc3 46. Kh3 f6 47. f4 exf4 48. gxf4 Be1 49. Rc6 Bf2 50. Kg2 Bd4 51. Kg3 Kf7 52. Kh4 Ke7 53. Kxh5 Kd7 54. Ra6 Bc3 {Precision: White = 76%, Black = 40%.} 1-0

[Event "20th Dubai Open 2018"]
[Site "Dubai"]
[Date "2018.04.07"]
[Round "6"]
[White "Flores, Diego"]
[Black "Yilmaz, Mustafa"]
[Result "1-0"]
[WhiteElo "2601"]
[BlackElo "2626"]
[Annotator "TA"]
[PlyCount "95"]
[EventDate "2018.??.??"]
[EventType "swiss"]
[EventCountry "UAE"]
[SourceTitle "playchess.com"]
[Source "ChessBase"]
[SourceQuality "1"]

{[%evp 11,95,20,7,0,0,0,0,0,-4,-23,0,-10,-5,-2,0,0,0,0,0,0,0,0,0,-11,0,0,0,0,0,0,0,0,0,6,14,12,14,11,12,7,12,4,4,0,4,4,6,0,0,0,17,0,0,0,0,0,0,0,0,0,0,0,0,0,0,0,0,0,0,0,0,0,29952,12835,6079,4134,29979,29980,29980,29981,29980,29982,29982,29983,29984,29985]} 1. Nf3 d5 2. c4 e6 3. d4 Nf6 4. Nc3 Be7 5. Bg5 h6 6. Bxf6 Bxf6 {LiveBook: 1525 Games} 7. g3 {D53: Queen's Gambit Declined: 4 Bg5 Be7: Early deviations} (7. Qb3 dxc4 8. Qxc4 O-O 9. e3 b6 10. Be2 Bb7 11. O-O Nd7 12. Rfd1 a6 13. a4 Rc8 14. b4 c5 15. dxc5 bxc5 {1-0 (59) Bu,X (2730)-Cheparinov,I (2710) Riadh 2017}) 7... O-O 8. Bg2 dxc4 9. O-O {The position is equal.} Nd7 $146 ({Predecessor:} 9... Nc6 10. e4 Nxd4 11. Nxd4 Qxd4 12. Qxd4 Bxd4 13. Rfd1 Bxc3 14. bxc3 e5 {0-1 (39) Salamon,V-Ascic,R Sibenik 2010}) 10. Qc2 c5 11. dxc5 Nxc5 12. Nd2 Bd7 13. Nxc4 Qc7 14. Rfd1 Rfd8 15. Rac1 Bc6 16. Bxc6 Qxc6 17. a3 Rac8 18. Rxd8+ Rxd8 19. Na5 Qb6 20. b4 Bxc3 21. Nc4 Qc7 {aiming for ...Na4!} 22. Qxc3 {Threatens to win with Ne3.} Na4 23. Qc2 Nb6 24. Nxb6 Qxb6 $11 {[%mdl 4096] Endgame KQR-KQR} 25. Qe4 a5 26. Kg2 axb4 27. axb4 f5 28. Qe5 Qd6 29. Qe3 Kf7 30. Qf3 Rd7 31. Rc4 Rc7 32. Qd3 Ke7 33. Rd4 Qc6+ 34. f3 Rd7 35. Rxd7+ Qxd7 {KQ-KQ} 36. Qc3 Kf7 37. Qc5 Qc6 (37... Qd1 {is more complex.} 38. Kf2 Qh1 39. Qc7+ Kg6 40. Qc8 Qxh2+ 41. Kf1 Qxg3 42. Qxe6+ Kg5) 38. Qxc6 bxc6 {KP-KP} 39. Kf2 e5 40. e4 fxe4 41. fxe4 Ke6 $2 {[%mdl 8192]} (41... Kg6 $11) 42. Ke3 Kd6 43. Kd3 $1 {[%cal Rd3c4]} c5 44. b5 {White mates.} Kc7 45. Kc4 Kb6 {[#]} 46. g4 $1 {[%cal Bg3g4,Bg4g5][%mdl 32]} g6 {[#]} 47. h4 $1 h5 48. g5 {Precision: White = 72%, Black = 64%.} 1-0

[Event "20th Dubai Open 2018"]
[Site "Dubai"]
[Date "2018.04.07"]
[Round "6"]
[White "Pantsulaia, Levan"]
[Black "Sadhwani, Raunak"]
[Result "1/2-1/2"]
[WhiteElo "2592"]
[BlackElo "2358"]
[Annotator "TA"]
[PlyCount "143"]
[EventDate "2018.??.??"]
[EventType "swiss"]
[EventCountry "UAE"]
[SourceTitle "playchess.com"]
[Source "ChessBase"]
[SourceQuality "1"]

{[%evp 23,143,17,17,10,10,10,13,12,10,15,15,12,26,18,21,6,6,10,29,18,20,15,20,15,21,12,16,19,25,8,10,8,8,11,23,0,25,0,0,0,24,19,20,19,22,0,105,99,96,95,83,84,95,94,93,89,127,121,140,135,150,154,147,136,134,136,152,115,111,116,143,114,152,126,154,143,213,159,175,0,0,0,0,0,0,0,0,0,0,0,0,0,0,0,0,0,0,0,0,0,6,0,0,0,0,0,0,0,0,0,0,0,0,-64,0,0,0,0,0,0,0,0]} 1. Nf3 Nf6 2. g3 d5 3. Bg2 e6 4. O-O Be7 5. c4 O-O 6. b3 b6 7. cxd5 Nxd5 8. d4 Bb7 9. Bb2 c5 {A14: English Opening: 1...e6 with b3 by White} (9... Nf6 10. Nc3 Nbd7 11. Qc2 c5 12. Rad1 Qc8 13. e4 cxd4 14. Rxd4 Nc5 15. Re1 Rd8 16. Rxd8+ Qxd8 17. Rd1 {½-½ (41) Ivanchuk,V (2726)-Sargissian,G (2672) Riadh 2017}) 10. Na3 cxd4 11. Nxd4 Nc6 12. Nc4 $146 ({Predecessor:} 12. Nf5 exf5 13. Qxd5 Qxd5 14. Bxd5 Rfd8 15. Rfd1 Na5 16. Bxb7 Nxb7 {½-½ (26) Bilek,I-Zsedenyi,B Budapest 1956}) 12... Nxd4 {LiveBook: 4 Games} 13. Qxd4 {[%csl Gb2][%cal Rd4g7] [#]} Bf6 14. Qd2 Bxb2 15. Qxb2 Qe7 16. Rfd1 Rfd8 17. Rd4 Nf6 18. Bxb7 Qxb7 19. Nd6 Qe7 20. Rad1 Ne8 21. Nc4 Nf6 22. R1d2 h6 23. e4 Rxd4 24. Qxd4 Rc8 25. Kg2 Kh7 26. Rd3 Qc5 27. Qxc5 Rxc5 $11 {[%mdl 4096] Endgame KRN-KRN} 28. Kf3 Rc7 29. Ne5 g6 30. Rd4 Rc3+ 31. Rd3 Rc7 32. Ke3 Kg7 33. f3 Rc5 34. Kd4 Rc1 (34... Nd5 $1 $11 {remains equal.}) 35. Rc3 $16 Rd1+ 36. Ke3 {Threatens to win with Rc7.} Nd7 37. Nd3 Kf8 38. Rc7 Ke8 39. Rxa7 h5 40. Rc7 Rh1 41. Rc2 Ke7 42. a4 Rb1 {[#]} 43. Rb2 $1 {[%cal Rb2b1]} Ra1 44. Kd4 Kd6 45. e5+ Kc7 46. f4 Kb7 47. Kc4 Nb8 48. Nf2 Re1 49. Nh3 Nd7 (49... Rc1+ $16 {was called for.} 50. Kd3 Rc7) 50. Rd2 Nc5 51. Rc2 $2 (51. Ng5 $18) 51... Re4+ $11 52. Kc3 Re3+ 53. Kd2 Rxb3 54. Ng5 Rd3+ 55. Ke2 {And now Rxc5! would win.} Rd7 56. Rd2 Rc7 57. Rd8 Nxa4 58. Rf8 Nc5 59. Nxf7 Kc6 60. Nd6 Ra7 61. Rc8+ Kd5 62. Rb8 Ra2+ 63. Kf3 Kc6 64. Nc4 Kc7 65. Rg8 Rxh2 66. Rxg6 b5 {[%cal Bb6b5,Bb5b4,Bb4b3,Bb3b2][%mdl 32]} 67. Nd6 b4 68. Rg8 ({White should try} 68. f5 $11 b3 69. fxe6) 68... Kc6 (68... Rc2 $15 69. Ke3 b3 70. Rc8+ Kd7) 69. Ne4 {Rc8+ is the strong threat.The position is equal.} Nxe4 70. Kxe4 b3 71. Rb8 b2 72. f5 {Precision: White = 68%, Black = 68%.} 1/2-1/2

[Event "20th Dubai Open 2018"]
[Site "Dubai"]
[Date "2018.04.07"]
[Round "6"]
[White "Ghaem Maghami, Ehsan"]
[Black "Saravana, Krishnan P"]
[Result "1/2-1/2"]
[WhiteElo "2523"]
[BlackElo "2312"]
[Annotator "TA"]
[PlyCount "166"]
[EventDate "2018.??.??"]
[EventType "swiss"]
[EventCountry "UAE"]
[SourceTitle "playchess.com"]
[Source "ChessBase"]
[SourceQuality "1"]

{[%evp 25,166,34,41,41,51,35,77,70,91,116,134,100,93,76,75,78,73,73,97,105,125,116,237,213,237,237,246,238,258,252,217,183,183,183,183,202,231,219,215,215,260,260,232,247,263,263,263,263,278,262,455,467,443,206,229,214,333,0,166,152,214,214,213,214,214,214,214,214,204,206,214,173,173,129,173,173,172,172,411,409,383,144,143,0,404,376,393,388,352,359,288,209,203,195,186,181,204,202,379,8,8,8,8,8,8,8,8,8,8,0,0,0,0,0,12,0,0,0,0,0,0,0,0,0,0,0,0,0,0,0,0,0,0,0,0,0,0,0,0,0,0,0,0]} 1. d4 d5 2. Nf3 Nf6 3. c4 c6 4. e3 Bf5 5. Nc3 e6 6. Nh4 Be4 7. f3 Bg6 8. Qb3 Qb6 9. Nxg6 hxg6 10. Bd2 {D12: Slav Defence: 3 Nf3 Nf6 4 e3 Bf5} Nbd7 11. O-O-O Bd6 12. h3 Qxb3 13. axb3 a6 {LiveBook: 14 Games} 14. g4 b5 $146 ({Find the theoretical novelty and annotate with similar games:} 14... O-O-O 15. Bg2 e5 16. cxd5 cxd5 17. f4 exf4 18. exf4 {1-0 (40) Erdos,V (2638)-Meskovs,N (2441) Riga 2014}) 15. Kc2 Be7 16. Ra1 {[%cal Rc4b5]} O-O 17. c5 a5 18. Bd3 Rfb8 19. Ne2 e5 20. Ng3 (20. Rxa5 Rxa5 21. Bxa5 e4 $17) (20. Bxa5 e4 $17) 20... Bd8 21. g5 Ne8 22. h4 Nf8 23. dxe5 Ne6 (23... Nd7 $16 {was necessary.}) 24. h5 $1 $18 gxh5 25. Rxh5 {Rah1 is the strong threat.} g6 26. Rh2 N8g7 27. f4 Kf8 28. Rh8+ Ke7 29. Rh7 Bc7 30. Ne2 Rg8 31. b4 axb4 32. Rxa8 b3+ 33. Kxb3 Rxa8 34. Kc2 Ra1 35. e4 dxe4 36. Bxe4 Kd7 37. b4 Rf1 $2 (37... Bd8 {is a better defense.} 38. Kd3 Rd1) 38. Be3 Bd8 39. Bg2 (39. Kd2 $142) 39... Ra1 40. Bh3 {And now Rxg7 would win.} Ke7 (40... Ra2+ $142 41. Kd3 Ra3+ 42. Nc3 Ke7) 41. Bg2 $2 (41. Nd4 $18 Nxd4+ 42. Bxd4) 41... Nf5 $2 (41... Kd7 $1 $11 {and Black stays safe.}) 42. Bc1 Ra4 (42... Ra2+ $16 {was called for.} 43. Kd3 Kf8) 43. Kc3 $1 Ra2 44. Bf3 (44. Bxc6 $6 Rxe2 45. Bxb5 Nfd4 $16) 44... Bc7 45. Bg4 (45. Bxc6 Rxe2 46. Rh8 (46. Bxb5 Nfd4 $11) 46... Nfg7 $16) 45... Nf8 46. Rh1 Ne6 47. Bxf5 Rxe2 48. Bxe6 Kxe6 {[%mdl 4096] Endgame KRB-KRB} 49. Rh8 Re4 50. Bd2 Re2 51. Kd3 Rg2 $2 (51... Rf2 52. Ra8 Kd7) 52. Rc8 Kd7 53. Rf8 $2 (53. e6+ $1 $18 fxe6 54. Rg8) 53... Ke7 $16 54. Rc8 $2 {[%mdl 8192]} (54. Ra8 $16) 54... Kd7 $18 55. e6+ $1 fxe6 56. Rg8 e5 57. Rg7+ ({Not} 57. Rxg6 exf4 58. Rg7+ Kd8 $11) 57... Kc8 58. Rxg6 exf4 59. Rxc6 Kd7 60. Rf6 Be5 {[#]} 61. c6+ $1 ({Stronger than} 61. Bxf4 Bxf6 62. gxf6 Rg6 $15) 61... Kc7 $2 {[#]} (61... Ke7) 62. Rf5 $2 ({White has to play} 62. Re6 $1 $18 {[%cal Re6e5]} Bd6 63. g6) 62... Bd6 $11 {The position is equal.} 63. Rxb5 {next Rd5 is good for White.} Kxc6 64. Rf5 Kd7 65. b5 Ke6 $1 66. Rf6+ Kd5 67. g6 {Threatens to win with b6.} Rg3+ 68. Ke2 Rg2+ 69. Ke1 {Hoping for b6.} f3 70. Bc3 Bc5 71. Rxf3 Rxg6 72. Ke2 Kc4 73. Rh3 Kxb5 74. Kd3 Re6 75. Rh5 Re3+ 76. Kc2 Re4 77. Kb3 Rg4 78. Be5 Kc6 79. Kc3 Re4 80. Kd3 Rg4 81. Rh6+ Kd5 82. Rh5 Kc6 83. Rf5 Ra4 {Precision: White = 67%, Black = 53%.} 1/2-1/2